000 00408nam a2200169Ia 4500
005 20250410030532.0
008 240331s9999 xx 000 0 und d
082 _a142
_bMAR
100 _aMarx, A
245 0 _aPin naveenatuvam elakkium araciyal
260 _aKovai
_bVidiyal Pathippagam
_c1996
300 _a120 p .,
650 _aPost Modernism
650 _aIlakkiyam
650 _aPolitical
942 _cL
999 _c727
_d727